| 000 | 00976nam a2200217 i 4500 | ||
|---|---|---|---|
| 001 | 159341 | ||
| 003 | ES-MaACL | ||
| 005 | 20250927112035.0 | ||
| 008 | 040913s1859 be |||| | fre d | ||
| 040 |
_aCAM _bspa _cCAM |
||
| 245 | 0 | 0 |
_aMémoires anonymes sur les troubles des Pays-Bas, 1565-1580 / _cavec notice et annotations par J.B. Blaes. |
| 260 |
_aBruxelles : _bSociété de l'Histoire de Belgique, _c1859 ( _fM. Weissenbruch) |
||
| 300 |
_a2 v. ; _c22 cm. |
||
| 490 | 1 | _aCollection de mémoires relatifs a l'histoire de Belgique. XVIe siècle | |
| 651 | 4 |
_aBélgica- _xHistoria- _y1555-1648. _9161209 |
|
| 651 | 0 |
_aPaíses Bajos- _xHistoria- _y1556-1648 (Guerras de la Independencia) _9241409 |
|
| 700 | 1 |
_aBlaes, Jean Baptiste François, _d1833-1861 _9161210 |
|
| 830 | 0 |
_aCollection de mémoires relatifs a l'histoire de Belgique. XVIe siècle _9221924 |
|
| 852 |
_aES-MaACL _jF-2786 _z-- Enc. hol. _q-- Sólo t.I (406 p.) |
||
| 999 |
_c159341 _d159341 |
||